LIBRARY & INFORMATION CENTRE, KCAET, TAVANUR

ONLINE PUBLIC ACCESS CATALOGUE (OPAC)

Fluid mechanics and machinery / (Record no. 1683)

MARC details
000 -LEADER
fixed length control field 00485cam a2200193ua 4500
041 ## - LANGUAGE CODE
Language code of text/sound track or separate title eng
082 ## - DEWEY DECIMAL CLASSIFICATION NUMBER
Classification number 532
Item number RAG/FL
100 ## - MAIN ENTRY--AUTHOR NAME
Personal name Raghunath, H.M .
245 ## - TITLE STATEMENT
Title Fluid mechanics and machinery /
250 ## - EDITION STATEMENT
Edition statement 1 /
260 ## - PUBLICATION, DISTRIBUTION, ETC. (IMPRINT)
Place of publication New Delhi :
Name of publisher C B S Publishers & Distributers ,
Year of publication 1987.
300 ## - PHYSICAL DESCRIPTION
Number of Pages 907 ; .
942 ## - ADDED ENTRY ELEMENTS (KOHA)
Koha item type Books
Holdings
Withdrawn status Lost status Damaged status Home library Current library Date acquired Full call number Accession Number Koha item type
      KAUAET KAUAET 07/04/2012 532 RAG/FL 16832 Books
      KAUAET KAUAET 07/04/2012 532 RAG/FL 16831 Books
free website counter